00660nam a22001937a 450000500170000001000150001702000270003203500140005903700130007308200120008624500670009826000340016527000500019930000250024970000210027494200260029599900190032195201260034020170619121555.0 aENG-118854 a9788174791887c1750.00 aEN-102386 bDBAD/PUB a230.754 aTemple and society in south india /cedited by K. Mavali Rajan aNew DelhibKaveri Booksc2015 a4832/24, Ansari Road New Delhi-110002 (India) axvii,286pc24cm.(Hb) aRajan, K. Mavali 2ddccENh230.754mTEM c141344d141344 001040718NFICaDBADbBNd2017-06-19eDBAD/PUBg1750.00l0o230.754 TEMpEN-102386r2017-06-19 00:00:00t1v1750.00yEN